000
00214 a2200097 4500
020
_a
9781878067500
041
_a
spa
100
_a
M. zambrano myrna
245
_a
ŁNo mas! guia para la mujer golpeada
942
_c
BK
999
_c
11229
_d
11229